<?xml version="1.0" encoding="UTF-8"?><record xmlns="http://www.loc.gov/MARC21/slim" xmlns:zs="http://docs.oasis-open.org/ns/search-ws/sruResponse">
  <leader>01530cam a22003131  4500</leader>
  <controlfield tag="001">8662962</controlfield>
  <controlfield tag="005">20250608031459.4</controlfield>
  <controlfield tag="007">cr |||||||||||</controlfield>
  <controlfield tag="008">800110s1819    fr            000 0 fre  </controlfield>
  <datafield ind1=" " ind2=" " tag="035">
    <subfield code="a">8662962</subfield>
  </datafield>
  <datafield ind1=" " ind2=" " tag="906">
    <subfield code="a">7</subfield>
    <subfield code="b">cbc</subfield>
    <subfield code="c">premver</subfield>
    <subfield code="d">u</subfield>
    <subfield code="e">ncip</subfield>
    <subfield code="f">19</subfield>
    <subfield code="g">y-gencatlg</subfield>
  </datafield>
  <datafield ind1=" " ind2=" " tag="010">
    <subfield code="a">   02012366 </subfield>
  </datafield>
  <datafield ind1=" " ind2=" " tag="035">
    <subfield code="9">(DLC)   02012366</subfield>
  </datafield>
  <datafield ind1=" " ind2=" " tag="035">
    <subfield code="a">(OCoLC)5862871</subfield>
  </datafield>
  <datafield ind1=" " ind2=" " tag="040">
    <subfield code="a">DLC</subfield>
    <subfield code="c">TxU</subfield>
    <subfield code="d">DLC</subfield>
  </datafield>
  <datafield ind1="0" ind2="0" tag="050">
    <subfield code="a">F1921</subfield>
    <subfield code="b">.C62</subfield>
  </datafield>
  <datafield ind1="1" ind2=" " tag="100">
    <subfield code="a">Clausson, L. J.</subfield>
  </datafield>
  <datafield ind1="1" ind2="0" tag="242">
    <subfield code="a">Precise history of the revolution of Saint Dominique :</subfield>
    <subfield code="b">refutation of certain works published on the causes of this revolution : the present state of this colony, and the necessity of recovering it as a possession</subfield>
    <subfield code="y">eng</subfield>
  </datafield>
  <datafield ind1="1" ind2="0" tag="245">
    <subfield code="a">Précis historique de la révolution de Saint-Domingue.</subfield>
    <subfield code="b">Réfutation de certains ouvrages publiés sur les causes de cette révolution. De l'état actuel de cette colonie, et de la n'ecessité d'en recouvrer la possession.</subfield>
    <subfield code="c">Par L. J. Clausson ...</subfield>
  </datafield>
  <datafield ind1=" " ind2=" " tag="260">
    <subfield code="a">Paris,</subfield>
    <subfield code="b">Pillet aîné,</subfield>
    <subfield code="c">1819.</subfield>
  </datafield>
  <datafield ind1=" " ind2=" " tag="300">
    <subfield code="a">2 p. l., xii, 155 p.</subfield>
    <subfield code="c">21 cm.</subfield>
  </datafield>
  <datafield ind1=" " ind2=" " tag="530">
    <subfield code="a">Also available in digital form on the Library of Congress Web site.</subfield>
  </datafield>
  <datafield ind1=" " ind2="0" tag="651">
    <subfield code="a">Haiti</subfield>
    <subfield code="x">History</subfield>
    <subfield code="y">Revolution, 1791-1804.</subfield>
  </datafield>
  <datafield ind1="4" ind2="1" tag="856">
    <subfield code="d">gdclccn</subfield>
    <subfield code="f">02012366</subfield>
    <subfield code="u">http://hdl.loc.gov/loc.gdc/gdclccn.02012366</subfield>
  </datafield>
  <datafield ind1="4" ind2="2" tag="859">
    <subfield code="3">France in America: Selections from the LC General Collection Description</subfield>
    <subfield code="u">http://hdl.loc.gov/loc.eur/frhtml.0001</subfield>
  </datafield>
  <datafield ind1=" " ind2=" " tag="985">
    <subfield code="a">ascfr/frlcgc/tx</subfield>
    <subfield code="e">intldl</subfield>
  </datafield>
  <datafield ind1=" " ind2=" " tag="985">
    <subfield code="a">pmpull</subfield>
    <subfield code="e">intldl</subfield>
  </datafield>
  <datafield ind1=" " ind2=" " tag="985">
    <subfield code="a">bnffia-bk</subfield>
  </datafield>
  <datafield ind1=" " ind2=" " tag="991">
    <subfield code="b">c-GenColl</subfield>
    <subfield code="h">F1921</subfield>
    <subfield code="i">.C62</subfield>
    <subfield code="p">00025746995</subfield>
    <subfield code="t">Copy 1</subfield>
    <subfield code="w">OCLCREP</subfield>
  </datafield>
</record>
